| 000 | 01038nam a22003377a 4500 | ||
|---|---|---|---|
| 001 | BR0402755 | ||
| 003 | BR-BrBNA | ||
| 005 | 20230928101633.0 | ||
| 007 | ta | ||
| 008 | 230509b bl.||||| |||| 00| 0 por d | ||
| 040 |
_aBR-BrBNA _bpor _cBiblioteca Nacional de Agricultura |
||
| 041 | _a(Por) | ||
| 072 |
_aL02; L51 _b5214 |
||
| 090 | _ 5214 BR0402755 | ||
| 100 | 1 | _aGarcia, G. da C. | |
| 110 | 1 |
_aUniversidade Federal de Lavras, MG (Brasil) _0Tese (Mestrado) |
|
| 245 | 1 | _aDesenvolvimento ponderal e modificações anatomofisiológicas do estômago de bezerros holandeses submetidos a diferentes dietas | |
| 260 | 3 |
_aLavras, MG (Brasil): _c1996. |
|
| 300 | _a67 p. | ||
| 500 | _aSummaries (Eng, Por); Bibliography p. 55-58; 43 tables; 12 illus. | ||
| 650 | _aBEZERRO LEITEIRO | ||
| 650 | _aGADO HOLANDÊS | ||
| 650 | _aDIETA | ||
| 650 | _aLEITE | ||
| 650 | _aDESMAMA PRECOCE | ||
| 650 | _aFISIOLOGIA ANIMAL | ||
| 650 | _aRÚMEN | ||
| 650 | _aGANHO DE PESO | ||
| 909 |
_a202309 _bLucia _c55 _dLucia Elande |
||
| 942 | _cBK | ||
| 999 |
_c66817 _d66817 |
||